Регионална библиотека "Любен Каравелов" - Русе

Съчинения (Запис номер 192720)

MARC детайли
000 -Лидер
Контролно поле с фиксирана дължина 01600nam a2200373 c 4500
003 - Код на организацията, давaща контролен номер
Контролно поле BLK
005 - Дата и час на последна редакция
Контролно поле 20250201005445.0
008 - Елементи от данни с фиксирана дължина
fixed length control field 180411b bul|||||r ||||||| ||bul||
010 ## - Наследен системен номер
LC control number KNG00201919000
040 ## - Източник на каталожния запис
Идентификатор на билиотеката - собственик на записа BLK
041 ## - Код за език
Код за езика на текст/звукозапис или на отделно заглавие Български
Код за езика КДБФ Български
072 #7 - Код за тематичната категория
Код организация bullib
Код за тематична категория А
Текст Фонд Михаил Арнаудов
080 ## - УДК
Текстов определител УДК Българска литература
УДК код - определител по УДК 821.163.2
УДК определител (081)
УДК - код + определител 821.163.2(081)
080 ## - УДК
Текстов определител УДК Българска литература
УДК код - определител по УДК 821.163.2
УДК определител -32
УДК - код + определител 821.163.2-32
139 ## - Редно поле
Редна дума Влайков, Тодор Генчов
Авторски знак Влайков - В 71
245 10 - Сведения за заглавието
Заглавие Съчинения
Подзаглавни данни В 4 т.
Редно поле (дума) Тодор Генчов Влайков; под ред. на Георги Константинов.
Том Т. 2
Заглавие на том Седянка
257 ## - Страна на издаване
Страна на създаване/издаване България
260 ## - Област на издателските данни
Име на издателя, разпространителя и проч. Хемус
Година на издаване 1941 -
Печатница София : Изгрев
300 ## - Физическа характеристика
Размери/Мащаб 18 см
380 ## - Жанр
Жанр Худож. лит.
490 ## - СЕРИИ (Колекции)
9 (RLIN) 396381
Име на серия Частна колекция - Академик Михаил Арнаудов
Бележки за серията Дарение - Основен фонд
505 ## - Форматирана забележка
Заглавие Стрина Венковица и снаха й
505 ## - Форматирана забележка
Заглавие Чичо Стайко
659 ## - Тематичен бюлетин
Тематичен бюлетин А
700 ## - Други автори (авторска отговорност)
Лично име Константинов, Георги
Друга информация Христов, Георги Константинов
9 (RLIN) 364908
760 1# - Описание на основната серия
Редна дума на основното описание Влайков, Тодор Генчов
Място на издаване, издател и година 1942
Страници - том IV, 240 с.
Забележка - том Мека подв., неразрязана
Заглавие Т. 2 Седянка
852 ## - Местоположение
Форматна сигнатура МА 2079
856 4# - Електронен адрес и достъп
Електронен формат pdf - файл
856 4# - Електронен адрес и достъп
Електронен формат pdf - файл
999 ## - СИСТЕМНИ КОНТРОЛНИ НОМЕРА
Koha biblionumber 192720
Koha biblioitemnumber 192720
942 ## - АРТИКУЛИ
Вид на библиотечния материал Книги
Скрит в OPAC Не
Периодичен библиозапис Да
944 ## - СЪЗДАВАНЕ И РЕДАКЦИЯ на ЗАПИСА
Създаване/Редакция Създаване
Дата на регистрацията/редакция 27.02.2017
Служител, извършил регистрацията/редакцията
Статус, дата на статуса CRON CRON
944 ## - СЪЗДАВАНЕ И РЕДАКЦИЯ на ЗАПИСА
Създаване/Редакция Редакция
Дата на регистрацията/редакция 27.02.2017
Служител, извършил регистрацията/редакцията Геновева_Генчева
999 ## - СИСТЕМНИ КОНТРОЛНИ НОМЕРА
Koha biblioitemnumber 192720
Наличности
Код за отписване Код за изгубен артикул Източник на класификационната схема Код за повреда Коз за рестрикции Код за отдаване Артикулен № Име на библиотеката - собственик Име на библиотеката, в която се намира в момента Статус (Текущо местоположение) Дата на вписване в системата Местоположение - отдел Цена в лева Инвентарен номер Систематично азбучна сигнатура Баркод Номер на екземпляра Цена в евро Служебна бележка Служебен тип на артикула
  Не е изгубен Universal Decimal Classification Не е повреден само за читалня Специални фондове ( старопечатни, редки и ценни, фонд М. Арнаудов) 337882 Регионална библиотека "Любен Каравелов" Русе Регионална библиотека "Любен Каравелов" Русе Фонд "Михаил Арнаудов" 1973-01-01 Фонд "Михаил Арнаудов" 45.00 590434 МА 2079 120000590434 1 23.01 Дост: DA Вид: А N: стар фонд Дата: 01.01.1973 Книги
Vip Innovations Ltd, Rousse, Bulgaria 2025